000 00572nam a2200217Ia 4500
003 GCL
008 140319s9999 xx 000 0 eng d
040 _aGCL /
_cGCL
082 0 4 _a324
_bM S
100 1 _aMOORE, BORRINGTON, JR
245 1 0 _aSocial Origins of Dictatorship and Democracy /
_cMOORE, BORRINGTON, JR
260 _a[S.N] :
_bBEACON PRESS ،
_c1967
300 _a559 P
650 0 4 _aCIVIL WAR
650 0 4 _aDEMOCRACY
650 0 4 _aCAPITALISM
650 0 4 _aPOLITICAL SITUATION
650 0 4 _aPOLITICAL PROCESS
650 0 4 _aBOURGEOIS
942 _2ddc
_cBK
999 _c17659
_d17659